Score 0/25 Timer 10:00
0 Plays Today
% Correct
De Panne
100%
Ieper
100%
Koksijde
92.9%
Nieuwpoort
92.9%
Diksmuide
92.9%
Poperinge
92.9%
Zonnebeke
92.9%
Wervik
92.9%
Heuvelland
92.9%
Veurne
85.7%
Kortemark
78.6%
Langemark-Poelkapelle
78.6%
Staden
78.6%
% Correct
Koekelare
71.4%
Houthulst
71.4%
Vleteren
71.4%
Mesen
71.4%
Alveringem
64.3%
Lo-Reninge
64.3%
Hooglede
64.3%
0%
0%
0%
0%
0%
Remove Ads.
Support Sporcle.
Get the best of Sporcle when you Go Orange. This ad-free experience offers more features, more stats, and more fun while also helping to support Sporcle. Thank you for becoming a member.

You're not logged in!

Compare scores with friends on all Sporcle quizzes.
OR
Log In

Show Comments

Extras

Created Dec 16, 2018ReportNominate
Tags:Municipality

Top Quizzes Today


Score Distribution

Your Account Isn't Verified!

In order to create a playlist on Sporcle, you need to verify the email address you used during registration. Go to your Sporcle Settings to finish the process.

Report this User

Report this user for behavior that violates our Community Guidelines.

Details: